000 00338nam a2200133Ia 4500
005 20260328104310.0
008 260328s9999||||xx |||||||||||||| ||und||
100 _aAdriá, Miquel
245 0 _aTALCA :
_b cuestión de edución /
_cMiquel Adriá
260 _bArquine
300 _a203 p.
650 _aHabitad el territorio
942 _cBK
999 _c10909
_d10909